<?xml version="1.0" encoding="UTF-8"?>
<record
    xmlns:xsi="http://www.w3.org/2001/XMLSchema-instance"
    xsi:schemaLocation="http://www.loc.gov/MARC21/slim http://www.loc.gov/standards/marcxml/schema/MARC21slim.xsd"
    xmlns="http://www.loc.gov/MARC21/slim">

  <leader>00669nam a2200205Ia 4500</leader>
  <controlfield tag="003">OSt</controlfield>
  <controlfield tag="005">20241121120154.0</controlfield>
  <controlfield tag="008">210323s9999||||xx |||||||||||||| ||und||</controlfield>
  <datafield tag="040" ind1=" " ind2=" ">
    <subfield code="c">STCPL</subfield>
  </datafield>
  <datafield tag="041" ind1=" " ind2=" ">
    <subfield code="a">HIN</subfield>
  </datafield>
  <datafield tag="082" ind1=" " ind2=" ">
    <subfield code="a">491.435</subfield>
    <subfield code="b">VIR-S</subfield>
  </datafield>
  <datafield tag="100" ind1=" " ind2=" ">
    <subfield code="a">Gupt, Virendra Kumar </subfield>
    <subfield code="q">&#x935;&#x940;&#x930;&#x947;&#x902;&#x926;&#x94D;&#x930; &#x915;&#x941;&#x92E;&#x93E;&#x930; &#x917;&#x941;&#x92A;&#x94D;&#x924;&#x93E;</subfield>
  </datafield>
  <datafield tag="245" ind1=" " ind2="0">
    <subfield code="a">Subodh hindi vyakaran evam rachana /</subfield>
    <subfield code="c">by Virendra Kumar Gupt</subfield>
    <subfield code="h">&#x938;&#x941;&#x92C;&#x94B;&#x927; &#x939;&#x93F;&#x902;&#x926;&#x940; &#x935;&#x94D;&#x92F;&#x93E;&#x915;&#x930;&#x923; &#x90F;&#x935;&#x902; &#x930;&#x91A;&#x928;&#x93E;</subfield>
  </datafield>
  <datafield tag="260" ind1=" " ind2=" ">
    <subfield code="a">New Delhi :</subfield>
    <subfield code="b">S Chand snd Company ,</subfield>
    <subfield code="c">1976 .</subfield>
  </datafield>
  <datafield tag="300" ind1=" " ind2=" ">
    <subfield code="a">386 p.</subfield>
    <subfield code="b">PB</subfield>
  </datafield>
  <datafield tag="650" ind1=" " ind2=" ">
    <subfield code="a">Hindi grammar</subfield>
  </datafield>
  <datafield tag="650" ind1=" " ind2=" ">
    <subfield code="a">Hindi linguistics</subfield>
  </datafield>
  <datafield tag="942" ind1=" " ind2=" ">
    <subfield code="c">BK</subfield>
  </datafield>
  <datafield tag="942" ind1=" " ind2=" ">
    <subfield code="2">ddc</subfield>
  </datafield>
  <datafield tag="999" ind1=" " ind2=" ">
    <subfield code="c">57534</subfield>
    <subfield code="d">57534</subfield>
  </datafield>
  <datafield tag="952" ind1=" " ind2=" ">
    <subfield code="0">0</subfield>
    <subfield code="1">0</subfield>
    <subfield code="2">ddc</subfield>
    <subfield code="4">0</subfield>
    <subfield code="8">HIN</subfield>
    <subfield code="7">0</subfield>
    <subfield code="a">STCPL</subfield>
    <subfield code="b">STCPL</subfield>
    <subfield code="c">HIN</subfield>
    <subfield code="d">2021-07-10</subfield>
    <subfield code="g">85.00</subfield>
    <subfield code="l">1</subfield>
    <subfield code="o">491.435  VIR-S</subfield>
    <subfield code="p">72260</subfield>
    <subfield code="r">2022-05-31 00:00:00</subfield>
    <subfield code="s">2021-07-20</subfield>
    <subfield code="w">2021-07-10</subfield>
    <subfield code="y">BK</subfield>
  </datafield>
</record>
